| 000 | 00526nam a2200181Ia 4500 | ||
|---|---|---|---|
| 999 |
_c13719 _d13719 |
||
| 003 | OSt | ||
| 005 | 20201022104149.0 | ||
| 008 | 190216s9999||||xx |||||||||||||| ||und|| | ||
| 020 | _a9780140233360 | ||
| 040 | _coclc | ||
| 082 |
_a823.914 _bDES/B |
||
| 100 |
_aDeshpande, Shashi _96042 |
||
| 245 | 4 |
_aThe Binding Vine / _cShashi Deshpande |
|
| 260 |
_bPenguin Books, _c1993. _aNew Delhi: |
||
| 300 | _a207p | ||
| 650 | _aEnglish Novel-English Novel | ||
| 942 |
_cBK _2ddc _h823.914 _iDES/B _k823.914 _mDES/B |
||